[Event "European Women-ch 2023"]
[Site "Petrovac"]
[Date "2023.03.27"]
[Round "9.20"]
[White "Hrescak, Ivana"]
[Black "Urh, Zala"]
[Result "0-1"]
[WhiteElo "2127"]
[BlackElo "2294"]
[Annotator "TA"]
[PlyCount "82"]
[EventDate "2023.03.15"]
[EventType "swiss"]
[EventCountry "MNE"]
[SourceTitle "playchess.com"]
[Source "ChessBase"]
[SourceQuality "1"]

1. c4 e5 2. g3 Nf6 3. Bg2 d5 4. cxd5 Nxd5 5. Nc3 Nb6 6. Nf3 Nc6 7. O-O Be7 8. b3 O-O 9. Bb2 Re8 10. d3 Bf8 11. Rc1 a5 12. Nb5 Bd7 13. a4 f6 14. Nd2 Be6 15. Nc4 Nd5 16. d4 exd4 17. Nxd4 Nxd4 18. Qxd4 c6 19. Rfd1 Qe7 20. e4 Nb4 21. e5 fxe5 22. Qxe5 Qf7 23. Qd4 Bf5 24. Ne5 Qxb3 25. Bf1 Be6 26. Nd7 Qd5 27. Qh4 Qf5 28. Bc4 Bxc4 29. Qxc4+ Nd5 30. Nxf8 Rxf8 31. Qd4 Rf7 32. Re1 Raf8 33. Re2 Qg6 34. Kh1 Nf6 35. Rce1 Ng4 36. f4 Qh5 37. Ba3 Nxh2 38. Rxh2 Qf3+ 39. Rg2 Qxa3 40. Qe4 Qb4 41. Qc2 Qxe1+ 0-1

[Event "European Women-ch 2023"]
[Site "Petrovac"]
[Date "2023.03.27"]
[Round "9.20"]
[White "Buchholz, Maja Patricia"]
[Black "Mashchenko, Tamila"]
[Result "0-1"]
[WhiteElo "1883"]
[BlackElo "1956"]
[Annotator "TA"]
[PlyCount "122"]
[EventDate "2023.03.15"]
[EventType "swiss"]
[EventCountry "MNE"]
[SourceTitle "playchess.com"]
[Source "ChessBase"]
[SourceQuality "1"]

1. c4 Nf6 2. g3 g6 3. Bg2 Bg7 4. Nc3 O-O 5. d4 d6 6. Nf3 Nbd7 7. O-O e5 8. e4 exd4 9. Nxd4 c6 10. Re1 Re8 11. h3 a5 12. b3 Nc5 13. Bb2 Qb6 14. Rb1 h5 15. Ba1 Nfd7 16. Qd2 Ne5 17. Nc2 Bxh3 18. Na4 Nxa4 19. Bxe5 Bxe5 20. bxa4 Qc5 21. Bxh3 Qxc4 22. Ne3 Qxa4 23. Rxb7 Bd4 24. Ng2 Rab8 25. Reb1 Rxb7 26. Rxb7 Be5 27. Bd7 Rf8 28. Qe2 Qd4 29. Kh2 c5 30. Bc6 c4 31. Bd5 c3 32. Ne3 Kg7 33. Nc4 h4 34. Kg2 hxg3 35. fxg3 a4 36. Qc2 g5 37. Nxe5 Qxe5 38. Rc7 g4 39. Rxc3 Qh5 40. Qxa4 Qh3+ 41. Kf2 Qh2+ 42. Ke1 Qg1+ 43. Kd2 Rh8 44. Kc2 Rh2+ 45. Kb3 Qb6+ 46. Kc4 Rd2 47. Ra3 Qc5+ 48. Kb3 Qc2+ 49. Kb4 Rd4+ 50. Ka5 Rxa4+ 51. Rxa4 Qc3+ 52. Rb4 Qxg3 53. Rb3 Qe5 54. a4 g3 55. Rf3 g2 56. Rxf7+ Kh6 57. Rc7 g1=Q 58. Ka6 Qb1 59. Rb7 Qd3+ 60. Rb5 Qed4 61. a5 Qc5 0-1

[Event "European Women-ch 2023"]
[Site "Petrovac"]
[Date "2023.03.27"]
[Round "9.21"]
[White "Petrova, Irina"]
[Black "Antolak, Julia"]
[Result "0-1"]
[WhiteElo "2123"]
[BlackElo "2276"]
[Annotator "TA"]
[PlyCount "166"]
[EventDate "2023.03.15"]
[EventType "swiss"]
[EventCountry "MNE"]
[SourceTitle "playchess.com"]
[Source "ChessBase"]
[SourceQuality "1"]

1. e4 c5 2. Nf3 e6 3. c4 Nc6 4. Nc3 Nd4 5. g3 Ne7 6. Bg2 Nec6 7. O-O Be7 8. d3 O-O 9. a3 a6 10. Rb1 Rb8 11. Bf4 d6 12. Nxd4 cxd4 13. Ne2 e5 14. Bd2 b5 15. f4 bxc4 16. dxc4 Be6 17. b3 f6 18. Nc1 Bxc4 19. Rf2 Qb6 20. Bf1 Be6 21. Bd3 Rfc8 22. b4 Na7 23. a4 Rc6 24. Nb3 Bc4 25. Bxc4+ Rxc4 26. Qg4 Rc7 27. b5 Qb7 28. b6 Qxb6 29. Ba5 Qxa5 30. Nxa5 Rxb1+ 31. Kg2 Nc8 32. Qe2 Rb6 33. Qa2+ Kf8 34. Rc2 Rc5 35. fxe5 fxe5 36. Nb3 Rc3 37. Rf2+ Bf6 38. Nd2 Ke7 39. Nf3 Rbc6 40. Nh4 d3 41. Nf5+ Kf8 42. Ne3 Ne7 43. Qd2 Ke8 44. Nd1 Rb3 45. Qa2 Rb4 46. Rd2 Rxe4 47. Rxd3 d5 48. Ne3 d4 49. Nc4 Re1 50. Na5 e4 51. Rb3 Rc8 52. Rb7 e3 53. Qe6 Rec1 54. Nb3 R1c7 55. Rxc7 Rxc7 56. Qe4 Rc4 57. a5 Rb4 58. Qd3 Kf8 59. Kf3 g6 60. Nc5 Rb5 61. Ne6+ Kf7 62. Qc4 Rxa5 63. Nxd4+ Rd5 64. Nc2 Kg7 65. Nxe3 Rd6 66. Qc7 Rd3 67. Qc4 Rc3 68. Qe4 Nf5 69. Qb7+ Kh6 70. Qxa6 Rxe3+ 71. Kg2 Bd4 72. Qa8 Kg7 73. Qb7+ Re7 74. Qb4 h5 75. Kf3 Re3+ 76. Kg2 Re2+ 77. Kh3 Kh6 78. Qf8+ Bg7 79. Qc8 Rb2 80. Qc1+ Kh7 81. Qd1 Ne3 82. Qd7 Ng4 83. Kh4 Kh6 0-1

[Event "European Women-ch 2023"]
[Site "Petrovac"]
[Date "2023.03.27"]
[Round "9.21"]
[White "Goriachkina, Oksana"]
[Black "Petrovska, Katerina"]
[Result "1-0"]
[WhiteElo "1759"]
[BlackElo "1907"]
[Annotator "TA"]
[PlyCount "123"]
[EventDate "2023.03.15"]
[EventType "swiss"]
[EventCountry "MNE"]
[SourceTitle "playchess.com"]
[Source "ChessBase"]
[SourceQuality "1"]

1. d4 e6 2. c4 Nf6 3. Nf3 Bb4+ 4. Nbd2 b6 5. a3 Bxd2+ 6. Qxd2 Bb7 7. e3 a5 8. b3 d6 9. Be2 Nbd7 10. O-O O-O 11. Bb2 Qe7 12. Rfd1 Ne4 13. Qe1 f5 14. b4 Rf6 15. Nd2 Nxd2 16. Rxd2 Rh6 17. f3 Qg5 18. Qf2 Qh5 19. h3 g5 20. c5 Nf6 21. cxd6 cxd6 22. Qg3 Rd8 23. bxa5 bxa5 24. Bc3 g4 25. fxg4 fxg4 26. Bxg4 Nxg4 27. Qxg4+ Qxg4 28. hxg4 a4 29. Rb1 Bd5 30. Rb6 Bb3 31. Bb4 d5 32. Rf2 Rg6 33. Rf4 Re8 34. Rb7 Bd1 35. Ra7 Rg7 36. Ra5 Rf7 37. Kh2 Kg7 38. Kg3 Kg6 39. Rxf7 Kxf7 40. Ra7+ Kg6 41. Kf4 h6 42. Ke5 Bxg4 43. Rxa4 Rc8 44. Bc5 h5 45. Rb4 Kg5 46. a4 Kh4 47. a5 Kg3 48. Rb2 Ra8 49. Bb6 Bf5 50. Kd6 Be4 51. Kc7 Bd3 52. Kb7 Ra6 53. Bc7+ Kg4 54. Rf2 Bc4 55. Rf8 Bd3 56. Ra8 Rxa8 57. Kxa8 h4 58. Kb7 Bf1 59. a6 Bxa6+ 60. Kxa6 h3 61. gxh3+ Kxh3 62. Kb6 1-0

[Event "European Women-ch 2023"]
[Site "Petrovac"]
[Date "2023.03.27"]
[Round "9.22"]
[White "Radeva, Viktoria"]
[Black "Froewis, Annika"]
[Result "1/2-1/2"]
[WhiteElo "2247"]
[BlackElo "2123"]
[Annotator "TA"]
[PlyCount "76"]
[EventDate "2023.03.15"]
[EventType "swiss"]
[EventCountry "MNE"]
[SourceTitle "playchess.com"]
[Source "ChessBase"]
[SourceQuality "1"]

1. e4 c5 2. Nf3 e6 3. d4 cxd4 4. Nxd4 Nf6 5. Nc3 d6 6. Be2 Be7 7. O-O O-O 8. f4 Nc6 9. Be3 Qc7 10. Qe1 Nxd4 11. Bxd4 e5 12. fxe5 dxe5 13. Qg3 Bc5 14. Bxc5 Qxc5+ 15. Kh1 Kh8 16. Rxf6 gxf6 17. Qh4 Rg8 18. Qxf6+ Rg7 19. Nd5 Qxc2 20. Bf3 Be6 21. Qxe5 Bxd5 22. exd5 Qc5 23. Qf6 Re8 24. d6 Qb4 25. Rf1 Re1 26. Qd8+ Rg8 27. Qf6+ Rg7 28. Be2 Rxf1+ 29. Bxf1 Qb6 30. h3 a6 31. Kh2 Qc5 32. Qd8+ Rg8 33. Qf6+ Rg7 34. h4 Qc8 35. Bc4 Qxc4 36. Qd8+ Rg8 37. Qf6+ Rg7 38. Qd8+ Rg8 1/2-1/2

[Event "European Women-ch 2023"]
[Site "Petrovac"]
[Date "2023.03.27"]
[Round "9.23"]
[White "Gajcin, Marina"]
[Black "Berke, Ana"]
[Result "1-0"]
[WhiteElo "2215"]
[BlackElo "2107"]
[Annotator "TA"]
[PlyCount "109"]
[EventDate "2023.03.15"]
[EventType "swiss"]
[EventCountry "MNE"]
[SourceTitle "playchess.com"]
[Source "ChessBase"]
[SourceQuality "1"]

1. e4 c5 2. Nf3 e6 3. c3 Nf6 4. Bd3 Nc6 5. Bc2 e5 6. O-O d6 7. h3 g6 8. d4 Qc7 9. Be3 c4 10. Qe2 Na5 11. b4 cxb3 12. axb3 Bd7 13. dxe5 dxe5 14. Nxe5 Bg7 15. Bd4 O-O 16. b4 Nc6 17. Nxc6 Bxc6 18. Nd2 a6 19. Rfe1 Rfe8 20. Qf3 Rad8 21. Nb3 Qe7 22. Na5 Bb5 23. Rad1 Rc8 24. e5 Nd7 25. Qxb7 Nxe5 26. Qxe7 Rxe7 27. Re3 Nc6 28. Rxe7 Nxe7 29. Bc5 Nc6 30. Nxc6 Bxc6 31. c4 a5 32. bxa5 Bxg2 33. Kxg2 Rxc5 34. Rd8+ Bf8 35. a6 Ra5 36. Ra8 Kg7 37. Be4 Ra2 38. Kf1 Bc5 39. f3 Be3 40. Bb7 Kf6 41. Rc8 Rc2 42. Rc7 Ra2 43. c5 h5 44. c6 Bb6 45. Rd7 Kg5 46. Rxf7 Kh4 47. c7 Bxc7 48. Rxc7 g5 49. Bc8 Kg3 50. a7 h4 51. Be6 Ra5 52. Bd5 Rxd5 53. a8=Q Rf5 54. Rc3 Rf4 55. Qa2 1-0

[Event "European Women-ch 2023"]
[Site "Petrovac"]
[Date "2023.03.27"]
[Round "9.24"]
[White "Donghvani, Nia"]
[Black "Lehaci, Miruna-Daria"]
[Result "0-1"]
[WhiteElo "2025"]
[BlackElo "2202"]
[Annotator "TA"]
[PlyCount "88"]
[EventDate "2023.03.15"]
[EventType "swiss"]
[EventCountry "MNE"]
[SourceTitle "playchess.com"]
[Source "ChessBase"]
[SourceQuality "1"]

1. e4 c5 2. Nf3 Nc6 3. d4 cxd4 4. Nxd4 Nf6 5. Nc3 d6 6. Bg5 a6 7. Qd2 e6 8. O-O-O Bd7 9. f4 b5 10. Bxf6 gxf6 11. Kb1 Qb6 12. Nxc6 Bxc6 13. f5 h5 14. fxe6 fxe6 15. Qe2 Kf7 16. Qf3 Qc5 17. Bd3 Bh6 18. Rhf1 Bg5 19. Qh3 Qe5 20. Nd5 Rae8 21. Nc7 Rc8 22. Nxa6 Bxe4 23. Bxe4 Qxe4 24. Qb3 d5 25. Nb4 Qc4 26. Qxc4 Rxc4 27. c3 h4 28. Rf3 Rg4 29. Rf2 Re4 30. Nc2 f5 31. Nd4 b4 32. Rf3 Bf6 33. Nb5 Re2 34. Nd4 Rxg2 35. cxb4 Rxh2 36. b5 h3 37. b6 Bxd4 38. Rxd4 Rh1+ 39. Kc2 h2 40. Rc3 Rg1 41. Rc7+ Kf6 42. b7 h1=Q 43. Kb3 Rb8 44. Rb4 Rg7 0-1

[Event "European Women-ch 2023"]
[Site "Petrovac"]
[Date "2023.03.27"]
[Round "9.25"]
[White "Pogorelskikh, Sofia"]
[Black "Fataliyeva, Ulviyya"]
[Result "0-1"]
[WhiteElo "2102"]
[BlackElo "2427"]
[Annotator "TA"]
[PlyCount "62"]
[EventDate "2023.03.15"]
[EventType "swiss"]
[EventCountry "MNE"]
[SourceTitle "playchess.com"]
[Source "ChessBase"]
[SourceQuality "1"]

1. e4 d6 2. d4 Nf6 3. Nc3 g6 4. Be3 a6 5. Qd2 b5 6. Bd3 Bb7 7. f3 Nbd7 8. a4 b4 9. Nce2 a5 10. g4 Nb6 11. g5 Nfd7 12. h4 c5 13. dxc5 dxc5 14. Bb5 Qc7 15. c3 Bc6 16. cxb4 axb4 17. Rc1 Bxb5 18. axb5 Qd6 19. Qxd6 exd6 20. Nf4 Bg7 21. Rh2 Ra2 22. Nd3 Ne5 23. Rd1 Nxd3+ 24. Rxd3 Bxb2 25. Rc2 Ke7 26. Rxc5 dxc5 27. Bxc5+ Ke6 28. Rd6+ Ke5 29. Rxb6 Bc3+ 30. Kf1 Rd8 31. Bf2 Rxf2+ 0-1

[Event "European Women-ch 2023"]
[Site "Petrovac"]
[Date "2023.03.27"]
[Round "9.26"]
[White "Abdinova, Narmin"]
[Black "Lazarne Vajda, Szidonia"]
[Result "0-1"]
[WhiteElo "2090"]
[BlackElo "2294"]
[Annotator "TA"]
[PlyCount "114"]
[EventDate "2023.03.15"]
[EventType "swiss"]
[EventCountry "MNE"]
[SourceTitle "playchess.com"]
[Source "ChessBase"]
[SourceQuality "1"]

1. d4 d5 2. c4 c6 3. Nf3 Nf6 4. g3 Bf5 5. Nc3 e6 6. Nh4 Bg4 7. h3 Bh5 8. g4 Bg6 9. g5 Nfd7 10. Nxg6 hxg6 11. e4 dxc4 12. Bxc4 Nb6 13. Bb3 Bd6 14. Be3 N8d7 15. Qd2 Qc7 16. O-O-O O-O-O 17. Kb1 Rh4 18. Rc1 a6 19. Qe2 Rdh8 20. e5 Bb4 21. Qf3 Bxc3 22. Rxc3 Nb8 23. d5 Nxd5 24. Bxd5 exd5 25. Qg3 Nd7 26. f4 Nf8 27. Bf2 Qd7 28. Qd3 Rxf4 29. Bg3 Re4 30. h4 Ne6 31. Rhc1 Nd4 32. a4 Kd8 33. Re1 Rxe1+ 34. Bxe1 Qf5 35. Ka2 Qxd3 36. Rxd3 Nf5 37. b4 Re8 38. Bc3 Nxh4 39. b5 axb5 40. axb5 Kd7 41. Kb3 Nf5 42. Kb4 Kc7 43. Bd2 Rh8 44. bxc6 bxc6 45. Kc5 Ra8 46. Rb3 Ra2 47. e6 Rc2+ 48. Kb4 fxe6 49. Bf4+ Kb6 50. Ka3+ Kc5 51. Be5 d4 52. Rb7 Rg2 53. Bf4 Kd5 54. Kb3 e5 55. Bc1 Rg3+ 56. Kc2 e4 57. Rd7+ Kc4 0-1

[Event "European Women-ch 2023"]
[Site "Petrovac"]
[Date "2023.03.27"]
[Round "9.27"]
[White "Pirvulescu, Ekaterina"]
[Black "Zhapova, Yana"]
[Result "0-1"]
[WhiteElo "2032"]
[BlackElo "2269"]
[Annotator "TA"]
[PlyCount "134"]
[EventDate "2023.03.15"]
[EventType "swiss"]
[EventCountry "MNE"]
[SourceTitle "playchess.com"]
[Source "ChessBase"]
[SourceQuality "1"]

1. e4 c6 2. d4 d5 3. exd5 cxd5 4. Bd3 Nc6 5. c3 Nf6 6. Bf4 Bg4 7. Qb3 Qd7 8. Nd2 e6 9. Ngf3 Bd6 10. Bxd6 Qxd6 11. O-O O-O 12. Rae1 Bxf3 13. Nxf3 Rab8 14. Qc2 b5 15. Qd2 b4 16. Ne5 Rfc8 17. Qg5 Ne7 18. Re3 Ne4 19. Bxe4 dxe4 20. Qh5 g6 21. Qg5 Nd5 22. Rh3 f6 23. Qh6 Qe7 24. Nxg6 Qg7 25. Qxg7+ Kxg7 26. Nh4 bxc3 27. bxc3 Rxc3 28. Rxc3 Nxc3 29. g4 Rd8 30. Re1 Rxd4 31. Ng2 Rd2 32. Nf4 e5 33. Nh5+ Kf7 34. a3 Rd1 35. Rxd1 Nxd1 36. Ng3 e3 37. f3 a5 38. Kf1 Nc3 39. Nf5 e2+ 40. Ke1 Ke6 41. Ne3 a4 42. h4 Kd6 43. g5 fxg5 44. hxg5 Kc5 45. Ng4 Kd4 46. Kd2 e4 47. f4 e3+ 48. Ke1 Ke4 49. Nf6+ Kxf4 50. Nxh7 Kf5 51. g6 Kxg6 52. Nf8+ Kf5 53. Nd7 Ke4 54. Nb6 Kd4 55. Nc4 Kd3 56. Nb2+ Ke4 57. Nc4 Kf3 58. Ne5+ Kf4 59. Nc4 Ke4 60. Nb2 Kf3 61. Nc4 Nb5 62. Ne5+ Ke4 63. Nc4 Nd4 64. Nxe3 Kd3 65. Kf2 e1=Q+ 66. Kxe1 Kxe3 67. Kd1 Kd3 0-1

[Event "European Women-ch 2023"]
[Site "Petrovac"]
[Date "2023.03.27"]
[Round "9.28"]
[White "Ibrahimova, Sabina"]
[Black "Koljevic, Nikolina"]
[Result "0-1"]
[WhiteElo "2207"]
[BlackElo "2042"]
[Annotator "TA"]
[PlyCount "92"]
[EventDate "2023.03.15"]
[EventType "swiss"]
[EventCountry "MNE"]
[SourceTitle "playchess.com"]
[Source "ChessBase"]
[SourceQuality "1"]

1. e4 c6 2. d4 d5 3. Nc3 dxe4 4. Nxe4 Nf6 5. Nxf6+ exf6 6. c3 Bd6 7. Bd3 O-O 8. Qc2 h6 9. Ne2 Qc7 10. Be3 Nd7 11. Qd2 Re8 12. Ng3 Bf4 13. O-O Bxe3 14. fxe3 Nf8 15. Rf2 Bg4 16. Raf1 h5 17. Nf5 Ne6 18. e4 c5 19. d5 Bxf5 20. Rxf5 Ng5 21. R1f4 c4 22. Bb1 Rad8 23. Qc1 Rd6 24. Rh4 g6 25. Rf1 Re5 26. Rhf4 Qe7 27. Qc2 f5 28. exf5 Re2 29. Qc1 Nh3+ 30. Kh1 Nxf4 31. Qxf4 Qe5 32. Qxc4 Re1 33. h3 Rxf1+ 34. Qxf1 Qxd5 35. Bc2 Rf6 36. Qf4 Kg7 37. c4 Qa5 38. Qd4 Qe1+ 39. Kh2 h4 40. Qxa7 Qg3+ 41. Kg1 Qe1+ 42. Kh2 Qe5+ 43. Kh1 Qxb2 44. Qa4 Ra6 45. Qb3 Rxa2 46. f6+ Kxf6 0-1

[Event "European Women-ch 2023"]
[Site "Petrovac"]
[Date "2023.03.28"]
[Round "10.1"]
[White "Arabidze, Meri"]
[Black "Guichard, Pauline"]
[Result "1-0"]
[WhiteElo "2433"]
[BlackElo "2379"]
[Annotator "TA"]
[PlyCount "145"]
[EventDate "2023.03.15"]
[EventType "swiss"]
[EventCountry "MNE"]
[SourceTitle "playchess.com"]
[Source "ChessBase"]
[SourceQuality "1"]

1. d4 Nf6 2. c4 e6 3. Nc3 Bb4 4. f3 c5 5. d5 b5 6. e4 d6 7. Nge2 bxc4 8. Nf4 e5 9. Nfe2 Nbd7 10. Ng3 Nb6 11. Be2 Ng8 12. h4 f5 13. f4 Bxc3+ 14. bxc3 Nf6 15. O-O O-O 16. fxe5 dxe5 17. exf5 Qxd5 18. a4 Bb7 19. Qxd5+ Bxd5 20. a5 Nbd7 21. Ra4 Rab8 22. Rd1 Rb1 23. Nf1 h5 24. Nd2 Rb7 25. Nxc4 Bc6 26. Ra1 Kh7 27. Bg5 Rb3 28. Rac1 Be4 29. Nd6 Rb2 30. Rd2 Rxd2 31. Bxd2 Bc6 32. Bg5 Rb8 33. Nc4 Be4 34. Nd6 Bc6 35. Nc4 Be4 36. Rf1 Rb3 37. Nd2 Rxc3 38. Nxe4 Nxe4 39. Bxh5 c4 40. Bf7 Nd6 41. Bg6+ Kg8 42. Be7 Nb5 43. h5 Nd4 44. h6 gxh6 45. f6 Ne2+ 46. Kf2 Nf4 47. Be8 Nf8 48. g3 N4e6 49. Re1 Rc2+ 50. Kf3 c3 51. Rxe5 Rc1 52. Ba4 c2 53. Kg4 h5+ 54. Rxh5 Kf7 55. Bb3 Ke8 56. Ba4+ Kf7 57. Bb3 Kg6 58. Ba3 Nd7 59. Rh6+ Kxh6 60. Bxc1+ Kg6 61. Bxe6 Ne5+ 62. Kh4 Nf3+ 63. Kg4 Ne5+ 64. Kh3 Kxf6 65. Bb3 Nd3 66. Ba3 c1=Q 67. Bxc1 Nxc1 68. Bc4 Ke5 69. g4 Kd4 70. g5 Kxc4 71. g6 Nd3 72. g7 Nf4+ 73. Kh2 1-0

[Event "European Women-ch 2023"]
[Site "Petrovac"]
[Date "2023.03.28"]
[Round "10.1"]
[White "Garcia Martin, Marta"]
[Black "Petrova, Irina"]
[Result "1/2-1/2"]
[WhiteElo "2306"]
[BlackElo "2123"]
[Annotator "TA"]
[PlyCount "115"]
[EventDate "2023.03.15"]
[EventType "swiss"]
[EventCountry "MNE"]
[SourceTitle "playchess.com"]
[Source "ChessBase"]
[SourceQuality "1"]

1. e4 e5 2. Nf3 Nc6 3. Bb5 a6 4. Ba4 Nf6 5. d3 b5 6. Bb3 Bc5 7. O-O d6 8. c3 h6 9. Re1 O-O 10. h3 Bb6 11. Nbd2 Be6 12. Bxe6 fxe6 13. a4 Rb8 14. b4 Qe8 15. Nf1 Nh5 16. Ra2 Nf4 17. Kh2 Qf7 18. Bxf4 Qxf4+ 19. Kh1 Rf7 20. N1h2 Rbf8 21. Qe2 Qf6 22. Rea1 Qg6 23. g3 d5 24. axb5 axb5 25. Ra8 d4 26. cxd4 Bxd4 27. Rxf8+ Rxf8 28. Rc1 Qe8 29. Nxd4 Nxd4 30. Qe3 Qe7 31. Rc5 Qd6 32. Kg2 c6 33. Ng4 Nf3 34. Qe2 h5 35. Ne3 Qxd3 36. Qxd3 Ne1+ 37. Kg1 Nxd3 38. Rxc6 Nxf2 39. Rxe6 Nxe4 40. Rxe5 Nxg3 41. Rxb5 h4 42. Re5 Ne2+ 43. Kg2 Nf4+ 44. Kh2 Nd3 45. Re4 Rf2+ 46. Kg1 Rf3 47. Ng2 Rxh3 48. Nxh4 Nc1 49. Nf5 Rb3 50. Nd6 Na2 51. b5 Nc3 52. Re8+ Kh7 53. Rb8 Nd5 54. Kf2 g5 55. Ne4 Kg6 56. Rg8+ Kh7 57. Rxg5 Rxb5 58. Nf6+ 1/2-1/2

[Event "European Women-ch 2023"]
[Site "Petrovac"]
[Date "2023.03.28"]
[Round "10.1"]
[White "Unuk, Laura"]
[Black "Socko, Monika"]
[Result "1/2-1/2"]
[WhiteElo "2297"]
[BlackElo "2432"]
[Annotator "TA"]
[PlyCount "150"]
[EventDate "2023.03.15"]
[EventType "swiss"]
[EventCountry "MNE"]
[SourceTitle "playchess.com"]
[Source "ChessBase"]
[SourceQuality "1"]

1. d4 Nf6 2. Nc3 e6 3. e4 d5 4. e5 Nfd7 5. f4 c5 6. Nf3 a6 7. Be3 Qb6 8. Na4 Qa5+ 9. c3 c4 10. b4 Qc7 11. Be2 Nc6 12. O-O Be7 13. Qb1 f5 14. g4 g6 15. Kh1 Nf8 16. Rg1 Bd7 17. Nb2 Nd8 18. a4 fxg4 19. Rxg4 Nf7 20. Rg2 Nh6 21. Nd1 Nf5 22. Bf2 b6 23. Ne3 O-O-O 24. Bd1 Kb7 25. Bc2 Be8 26. Ng4 h6 27. Ne3 Bf7 28. Qc1 Nh7 29. Qd2 Rdg8 30. Rag1 Qd7 31. Ng4 Qe8 32. Qe1 Qf8 33. Ne3 Be8 34. Qb1 Qf7 35. Ng4 Nf8 36. a5 b5 37. Qd1 Bd7 38. Qe2 Rg7 39. Ne3 Rhg8 40. Ng4 Rh7 41. Ne3 Rgh8 42. Be1 g5 43. Bd2 gxf4 44. Nxf5 exf5 45. e6 Qxe6 46. Bxf4 Qxe2 47. Rxe2 Ne6 48. Bd2 Ng5 49. Ne5 Bd6 50. Nxd7 Rxd7 51. Bxf5 Rg7 52. Bxg5 hxg5 53. h3 Kc6 54. Kg2 Rf8 55. Be6 Re7 56. Rge1 Rfe8 57. Kf3 Rf8+ 58. Kg2 Rg7 59. Rf1 Rxf1 60. Kxf1 Ra7 61. Kf2 Ra8 62. Kf3 Rf8+ 63. Kg2 Rd8 64. Bg4 Bf4 65. Bf3 Kd6 66. Bg4 Kc6 67. Kf3 Rd6 68. Bf5 Rh6 69. Kg4 Bc1 70. Kf3 Kd6 71. Rc2 Bf4 72. Re2 Bc1 73. Rc2 Bf4 74. Re2 Bc1 75. Rc2 Rh8 1/2-1/2

[Event "European Women-ch 2023"]
[Site "Petrovac"]
[Date "2023.03.28"]
[Round "10.2"]
[White "Maltsevskaya, Aleksandra"]
[Black "Kiolbasa, Oliwia"]
[Result "0-1"]
[WhiteElo "2388"]
[BlackElo "2406"]
[Annotator "TA"]
[PlyCount "102"]
[EventDate "2023.03.15"]
[EventType "swiss"]
[EventCountry "MNE"]
[SourceTitle "playchess.com"]
[Source "ChessBase"]
[SourceQuality "1"]

1. Nf3 d5 2. g3 Nf6 3. Bg2 e6 4. O-O Be7 5. d3 c5 6. Nbd2 Nc6 7. e4 b6 8. Re1 Bb7 9. e5 Nd7 10. Nf1 Qc7 11. Bf4 h6 12. h4 O-O-O 13. Ne3 Nf8 14. c4 d4 15. Nd5 exd5 16. e6 Bd6 17. cxd5 Ne7 18. Bxd6 Rxd6 19. Ne5 fxe6 20. Nf7 Rg8 21. Nxd6+ Qxd6 22. b4 Nxd5 23. bxc5 bxc5 24. Rb1 Bc6 25. Qb3 Nd7 26. Qa3 g5 27. h5 Kd8 28. Qxa7 Ke7 29. Qa6 Ra8 30. Qc4 Nc3 31. Bxc6 Qxc6 32. Rbc1 Ra3 33. Rc2 Nb6 34. Rxe6+ Qxe6 35. Qxc5+ Qd6 36. Qf5 Kd8 37. Rb2 Rxa2 38. Qg6 Ra1+ 39. Kh2 Nc8 40. Qg8+ Kc7 41. Qc4+ Qc6 42. Qf7+ Kd8 43. Qf8+ Kd7 44. Qg7+ Ne7 45. Qxd4+ Ncd5 46. Qg4+ Kc7 47. Qe4 Qc1 48. Qe5+ Kd7 49. Kh3 Qh1+ 50. Kg4 Qd1+ 51. f3 Ra4+ 0-1

[Event "European Women-ch 2023"]
[Site "Petrovac"]
[Date "2023.03.28"]
[Round "10.2"]
[White "Rudzinska, Michalina"]
[Black "Wagner, Dinara"]
[Result "1/2-1/2"]
[WhiteElo "2212"]
[BlackElo "2411"]
[Annotator "TA"]
[PlyCount "129"]
[EventDate "2023.03.15"]
[EventType "swiss"]
[EventCountry "MNE"]
[SourceTitle "playchess.com"]
[Source "ChessBase"]
[SourceQuality "1"]

1. e4 c5 2. Nf3 d6 3. d4 cxd4 4. Nxd4 Nf6 5. Nc3 a6 6. Be2 e5 7. Nb3 Be7 8. O-O O-O 9. Be3 Be6 10. Re1 Nbd7 11. a4 Nb6 12. a5 Nc4 13. Bxc4 Bxc4 14. Nd2 Be6 15. Bb6 Qc8 16. Nf1 Qc6 17. Ne3 Rfe8 18. Qf3 Bd8 19. Bxd8 Raxd8 20. Red1 Qc5 21. Ncd5 Nxd5 22. exd5 Bd7 23. h4 f5 24. b3 f4 25. Nc4 Rf8 26. Nd2 Qxc2 27. Ne4 Bf5 28. Ng5 Rc8 29. Rac1 Qxc1 30. Rxc1 Rxc1+ 31. Kh2 g6 32. Ne4 Bxe4 33. Qxe4 Rf7 34. Qa4 Rc8 35. f3 Kg7 36. b4 Rc4 37. Qe8 Rcc7 38. Qd8 Rcd7 39. Qe8 Rfe7 40. Qc8 Rf7 41. Qe8 Kh6 42. Kh3 Rde7 43. Qd8 e4 44. fxe4 Rxe4 45. Qxd6 Rf5 46. Qd8 Re3+ 47. Kh2 Re2 48. Kh3 Re3+ 49. Kh2 Re2 50. Kh3 Rd2 51. d6 Rd3+ 52. Kh2 Rd2 53. Kh3 f3 54. gxf3 Rxf3+ 55. Kg4 Rf5 56. d7 Rd4+ 57. Kg3 Rd3+ 58. Kg4 Rd4+ 59. Kg3 Rd3+ 60. Kg4 Rf7 61. Qg5+ Kg7 62. Qe5+ Kg8 63. Qe8+ Kg7 64. Qe5+ Kg8 65. Qe8+ 1/2-1/2

[Event "European Women-ch 2023"]
[Site "Petrovac"]
[Date "2023.03.28"]
[Round "10.2"]
[White "Ivekovic, Tihana"]
[Black "Kobak, Polina"]
[Result "1-0"]
[WhiteElo "2132"]
[BlackElo "1815"]
[Annotator "TA"]
[PlyCount "73"]
[EventDate "2023.03.15"]
[EventType "swiss"]
[EventCountry "MNE"]
[SourceTitle "playchess.com"]
[Source "ChessBase"]
[SourceQuality "1"]

1. d4 d5 2. c4 e6 3. Nf3 Nf6 4. Nc3 c6 5. e3 Nbd7 6. Bd3 Bd6 7. e4 dxe4 8. Nxe4 Nxe4 9. Bxe4 Bb4+ 10. Bd2 Bxd2+ 11. Qxd2 c5 12. O-O Nf6 13. Bc2 cxd4 14. Qxd4 O-O 15. Rad1 Qc7 16. Ne5 b6 17. Qd6 Qxd6 18. Rxd6 Bb7 19. f3 Rfc8 20. Rfd1 Kf8 21. Ba4 Ke7 22. Rd7+ Nxd7 23. Rxd7+ Kf6 24. f4 Kf5 25. Rxf7+ Ke4 26. Rxb7 Kxf4 27. Nf3 Rxc4 28. Bb3 Rc1+ 29. Kf2 a5 30. Rxb6 e5 31. Rb5 Re8 32. Rxa5 Rb1 33. g3+ Kg4 34. Nxe5+ Kh3 35. Nd3 Kg4 36. Bc2 Rf8+ 37. Kg2 1-0

[Event "European Women-ch 2023"]
[Site "Petrovac"]
[Date "2023.03.28"]
[Round "10.3"]
[White "Khotenashvili, Bela"]
[Black "Melia, Salome"]
[Result "0-1"]
[WhiteElo "2491"]
[BlackElo "2366"]
[Annotator "TA"]
[PlyCount "64"]
[EventDate "2023.03.15"]
[EventType "swiss"]
[EventCountry "MNE"]
[SourceTitle "playchess.com"]
[Source "ChessBase"]
[SourceQuality "1"]

1. c4 e6 2. Nf3 d5 3. g3 Nf6 4. Bg2 Be7 5. O-O O-O 6. b3 b6 7. Bb2 Bb7 8. e3 c5 9. Nc3 Ne4 10. cxd5 Nxc3 11. Bxc3 Bxd5 12. Qc2 Nd7 13. Rfd1 Rc8 14. Rac1 Bf6 15. e4 Bb7 16. d4 cxd4 17. Nxd4 Qe7 18. Qd2 Rfd8 19. Qe3 g6 20. h4 Ne5 21. Qe2 h5 22. Bb2 Rxc1 23. Rxc1 Ng4 24. Nb5 Bxb2 25. Qxb2 Qb4 26. Nc3 Rd3 27. Bf1 Rf3 28. Rc2 Nxf2 29. Bg2 Nd3 30. Qa1 Rxg3 31. Qf1 Qd4+ 32. Kh1 Rg4 0-1

[Event "European Women-ch 2023"]
[Site "Petrovac"]
[Date "2023.03.28"]
[Round "10.3"]
[White "Chelushkina, Irina"]
[Black "Mkrtchian, Lilit"]
[Result "0-1"]
[WhiteElo "2207"]
[BlackElo "2379"]
[Annotator "TA"]
[PlyCount "58"]
[EventDate "2023.03.15"]
[EventType "swiss"]
[EventCountry "MNE"]
[SourceTitle "playchess.com"]
[Source "ChessBase"]
[SourceQuality "1"]

1. e4 c5 2. Nf3 e6 3. c3 Nf6 4. d3 d5 5. Qc2 Be7 6. Be2 O-O 7. O-O Nc6 8. Re1 e5 9. Nbd2 Re8 10. Nf1 h6 11. Ng3 Bf8 12. h3 Be6 13. b3 Qc7 14. Bf1 a6 15. Bd2 Rac8 16. Qb2 d4 17. Rec1 Qd6 18. a3 Nd7 19. Rcb1 dxc3 20. Bxc3 Nd4 21. Nd2 b5 22. Rc1 g6 23. Bxd4 cxd4 24. Rxc8 Rxc8 25. a4 Qb4 26. axb5 axb5 27. f4 Qc3 28. Qa2 exf4 29. Ne2 Qxd3 0-1